000 00531nam a2200181Ia 4500
003 GCL
008 140319s9999 xx 000 0 ara d
040 _aGCL /
_cGCL
082 0 4 _a813.01
_bع س
100 1 _aعلية سيف النصر
245 1 0 _aالسير داخل المربعات : قصص قصيرة /
_cعلية سيف النصر
300 _a77 ص
490 _a
650 0 4 _aالادب العربى
650 0 4 _aالقصص العربية
650 0 4 _aالقصص العربية القصيرة
942 _2ddc
_cBK
999 _c40311
_d40311